| 000 | 00000nas##2200000za#4500 |
| 001 | 9.506949 |
| 003 | CaOODSP |
| 005 | 20200331213202 |
| 007 | cr ||||||||||| |
| 008 | 150406c1999||||xxc|| p o||||f| |0eng|d |
| 022 | |a1493-678X |
| 040 | |aCaOODSP|beng |
| 043 | |an-cn--- |
| 086 | 1 |aCH41-1E-PDF |
| 110 | 1 |aCanada.|bCanadian Heritage. |bCanadian Television Fund. |
| 245 | 10|aActivity report - Canadian Television Fund |h[electronic resource] |
| 260 | |aToronto - Ontario : |bCanadian Heritage. |
| 310 | |aAnnual |
| 362 | 1 |a1998/1999-- |
| 690 | 07|aTelevision|2gcpds |
| 775 | 08|tRapport d'activités - Fonds canadien de télévision |w(CaOODSP)9.503344 |
| 780 | 00|tActivity report - Canada Television and Cable Production Fund |w(CaOODSP)9.506950 |